00938cam a22002655a 450000100090000000800410000902000150005002000150006504000280008005000220010808200220013010000250015224500420017726000720021930000340029150000200032550400500034565000290039565100100042465300250043490600450045994200080050499900170051295201430052912487632010730s2002 enka frb 001 0 eng d a0521807417 a0521002004 aDLCcDLCdDLCdEG-ScBUE00aTA1540b.H39 200204a621.3675222bHAR1 aHariharan, P.93720210aBasics of holography /cP. Hariharan. aCambridge, UK ;aNew York, NY :bCambridge University Press,c2002. axii, 161 p. :bill. ;c26 cm. aIncludes index. aIncludes bibliographical references (p. 156). 0aHolography2BUEsh937117 2BUEsh bENGGENcNovember2017 a7bcbccorignewd1eocipf20gy-gencatlg 2ddc c25638d25610 00102ddc40708BaccahaMAINbMAINc1STd2017-11-22ePurchaseg441.00h21201l0o621.3675 HARp000042536r2025-07-15 00:00:00v551.00yBB